Paroles Comme d'habitude - Claude François - Statistiques

Statistiques générales
  • Ce quiz a été pris 2 128 fois
    2 093 depuis la dernière actualisation
  • Le résultat moyen est 179 sur 219
Statistiques - réponses
Réponse % Correct
comme
100%
Comme
100%
d'habitude
100%
Je
99%
je
99%
le
99%
me
99%
tu
99%
et
98%
lève
98%
te
98%
ne
97%
pas
97%
à
95%
bouscule
95%
réveilles
95%
ma
92%
la
90%
froid
85%
drap
84%
que
84%
j'ai
83%
tes
83%
toi
83%
vais
83%
semblant
82%
faire
81%
mais
81%
peur
81%
remonte
81%
cheveux
80%
de
80%
main
80%
caresse
79%
moi
79%
jouer
78%
mon
78%
tout
76%
sur
74%
dos
73%
jour
73%
en
72%
tournes
72%
malgré
71%
on
71%
presque
71%
aies
69%
café
69%
est
67%
journée
67%
fera
66%
même
66%
toute
65%
puis
64%
rire
64%
bois
63%
l'amour
63%
ce
62%
seul
62%
dans
60%
sors
59%
suis
59%
chambre
58%
coucher
57%
lit
57%
col
56%
dehors
56%
nuit
56%
sourire
56%
grand
53%
gris
53%
m'habille
53%
retard
53%
maison
51%
très
51%
les
50%
vite
50%
quitte
49%
encore
47%
relève
47%
s'en
47%
j'irai
46%
coucheras
45%
rentrée
45%
sans
45%
ira
44%
seras
43%
déshabilleras
42%
mes
42%
vivre
40%
bruit
39%
enfin
39%
s'embrassera
39%
sortie
39%
souriras
37%
t'attendrai
36%
rentreras
35%
reviendrai
35%
alors
32%
cacherai
30%
larmes
28%
Aucun quiz correspondant
Distribution des résultats
% des personnes avec chaque résultat
Percentile par nombre de réponses
Votre historique - résultats
Vous n’avez pas pris ce quiz depuis la dernière actualisation